<?xml version="1.0" encoding="UTF-8"?>
<record
    xmlns:xsi="http://www.w3.org/2001/XMLSchema-instance"
    xsi:schemaLocation="http://www.loc.gov/MARC21/slim http://www.loc.gov/standards/marcxml/schema/MARC21slim.xsd"
    xmlns="http://www.loc.gov/MARC21/slim">

  <leader>02763cam a2200277 i 4500</leader>
  <controlfield tag="001">991107453485106196</controlfield>
  <controlfield tag="005">20250310144331.0</controlfield>
  <controlfield tag="008">240829s2024    nyu      b    000 0 eng d</controlfield>
  <datafield tag="020" ind1=" " ind2=" ">
    <subfield code="a">9781945335198</subfield>
    <subfield code="q">paperback</subfield>
  </datafield>
  <datafield tag="035" ind1=" " ind2=" ">
    <subfield code="a">(OCoLC)1464701291</subfield>
  </datafield>
  <datafield tag="035" ind1=" " ind2=" ">
    <subfield code="a">(OCoLC)on1464701291</subfield>
  </datafield>
  <datafield tag="040" ind1=" " ind2=" ">
    <subfield code="a">IG#</subfield>
    <subfield code="b">eng</subfield>
    <subfield code="e">rda</subfield>
    <subfield code="c">IG#</subfield>
    <subfield code="d">YDX</subfield>
  </datafield>
  <datafield tag="050" ind1=" " ind2="4">
    <subfield code="a">HB501</subfield>
    <subfield code="b">.S64 2024</subfield>
  </datafield>
  <datafield tag="100" ind1=" " ind2=" ">
    <subfield code="a">Spencer, Annie Xibos,</subfield>
    <subfield code="e">author.</subfield>
    <subfield code="9">24845</subfield>
  </datafield>
  <datafield tag="245" ind1="1" ind2="0">
    <subfield code="a">How to break an addiction </subfield>
    <subfield code="b">: a method-in-a-manifesto for quitting capitalism </subfield>
    <subfield code="c">/ Annie Xibos Spencer.</subfield>
  </datafield>
  <datafield tag="264" ind1=" " ind2="1">
    <subfield code="a">Brooklyn, NY :</subfield>
    <subfield code="b">Common Notions,</subfield>
    <subfield code="c">[2024]</subfield>
  </datafield>
  <datafield tag="300" ind1=" " ind2=" ">
    <subfield code="a">xv, 253 pages ;</subfield>
    <subfield code="c">23 cm</subfield>
  </datafield>
  <datafield tag="504" ind1=" " ind2=" ">
    <subfield code="a">Includes bibliographical references.</subfield>
  </datafield>
  <datafield tag="505" ind1=" " ind2=" ">
    <subfield code="a">Everyday life in permanent crisis &#x2014; Teaching economics at the end of the paradigm &#x2014; Finding a fix &#x2014; What of the &#x201C;addict&#x201D;? &#x2014; Capital is a fiend &#x2014; Tramps like us &#x2014; Addiction as an accumulation strategy &#x2014; Bodies in revolt.</subfield>
  </datafield>
  <datafield tag="520" ind1=" " ind2=" ">
    <subfield code="a">What the opioid epidemic teaches us about the addiction at the root of our social lifeand how we free ourselves from it.How To Break An Addiction paints an original and dynamic portrait of the nature of the opioid crisis while offering original commentary on what the crisis portends about the present historical conjuncture. Interrogating long- and short-run, macro and micro, national and global, structural and personal factors, it takes the ongoing US opioid crisis as a jumping off point to illustrate the profound conclusion: capitalism at its core is an addiction.In a blend of memoir, historical record, original research, and theoretical and cultural analysis, critical geographer and harm reduction activist Annie Spencer argues against a dominant progressive presumption of the need to reform (or save) capitalism, demonstrating instead the imperative to think, organize, and enact new ways of being and provisioning together on a living Earth.How To Break An Addiction renders visible the extent to which the world we inhabit today is made by addictionin capitals imageand against life and well-being. Spencer calls for redress of the deepening crisis of addiction and the so-called epidemic of pain at its root; for a paradigm shift away from the dominant economic logic in favor of new kinds of ecosystemic social practice and provision. We must innovate a new way of being human together in the here and now. Spencers first-person narration anchors rigorous and far-reaching research and theory, making for an original and impactful tour through capitals addiction to crisis and our abilityand needto break from it.</subfield>
  </datafield>
  <datafield tag="650" ind1=" " ind2="0">
    <subfield code="a">Capitalism</subfield>
    <subfield code="x">Social aspects.</subfield>
  </datafield>
  <datafield tag="650" ind1=" " ind2="0">
    <subfield code="a">Capitalism</subfield>
    <subfield code="x">Philosophy.</subfield>
  </datafield>
  <datafield tag="650" ind1=" " ind2="0">
    <subfield code="a">Compulsive behavior</subfield>
    <subfield code="9">11408</subfield>
  </datafield>
  <datafield tag="650" ind1=" " ind2="0">
    <subfield code="a">Opioid abuse</subfield>
    <subfield code="y">21st century.</subfield>
  </datafield>
  <datafield tag="942" ind1=" " ind2=" ">
    <subfield code="2">lcc</subfield>
  </datafield>
  <datafield tag="952" ind1=" " ind2=" ">
    <subfield code="0">0</subfield>
    <subfield code="1">0</subfield>
    <subfield code="2">lcc</subfield>
    <subfield code="4">0</subfield>
    <subfield code="7">0</subfield>
    <subfield code="a">TBS</subfield>
    <subfield code="b">TBS</subfield>
    <subfield code="d">2025-03-10</subfield>
    <subfield code="l">1</subfield>
    <subfield code="o">HB501 SPE</subfield>
    <subfield code="p">B05926</subfield>
    <subfield code="r">2025-06-11</subfield>
    <subfield code="s">2025-04-30</subfield>
    <subfield code="t">1</subfield>
    <subfield code="w">2025-03-10</subfield>
    <subfield code="y">1</subfield>
  </datafield>
  <datafield tag="999" ind1=" " ind2=" ">
    <subfield code="c">4517</subfield>
    <subfield code="d">4517</subfield>
  </datafield>
</record>
